[Event "SR 4. liga A21 2018/2019"]
[Site "?"]
[Date "2018.11.11"]
[Round "3.3"]
[White "Jakubec, Milan"]
[Black "Vodicka, Michal"]
[Result "0-1"]
[WhiteElo "2028"]
[BlackElo "1861"]
[PlyCount "70"]
[EventDate "2018.??.??"]
[WhiteTeam "ZÅ K VrbovÃ© B"]
[BlackTeam "Å K KÃºpele PieÅ¡Å¥any C"]

1. e4 c5 2. Nf3 e6 3. d4 cxd4 4. Nxd4 Nc6 5. Nxc6 bxc6 6. Bd3 d5 7. O-O Bd6 8.
exd5 cxd5 9. c4 Bb7 10. cxd5 Bxd5 11. Bb5+ Kf8 12. Nc3 Rb8 13. Qd3 Ne7 14. Rd1
Qc7 15. g3 Be5 16. Nxd5 Nxd5 17. Rb1 Ke7 18. Bg5+ f6 19. Bd2 Rhd8 20. a4 g6 21.
Qe2 Qb6 22. Bc4 Rbc8 23. a5 Qc5 24. Rdc1 Qd4 25. Kg2 g5 26. b3 h5 27. f3 h4 28.
Rc2 hxg3 29. hxg3 Rh8 30. Re1 Rh6 31. Bxg5 Rg6 32. Bxf6+ Kxf6 33. Qe4 Rxg3+ 34.
Kf1 Rg1+ 35. Ke2 Nf4+ 0-1

[Event "SR 4. liga A21 2018/2019"]
[Site "?"]
[Date "2018.11.11"]
[Round "3.3"]
[White "Bzdusek, Jan"]
[Black "Lajda, Dusan"]
[Result "1-0"]
[WhiteElo "1901"]
[BlackElo "1772"]
[PlyCount "105"]
[EventDate "2018.??.??"]
[WhiteTeam "Å K KÃºpele PieÅ¡Å¥any C"]
[BlackTeam "ZÅ K VrbovÃ© B"]

1. d4 d5 2. c4 c6 3. Nc3 Nf6 4. Bg5 e6 5. e3 Be7 6. Nf3 O-O 7. Bd3 dxc4 8. Bxc4
Nd5 9. Bxe7 Qxe7 10. O-O Nxc3 11. bxc3 Nd7 12. Re1 b6 13. e4 Bb7 14. a4 e5 15.
Qb3 Rab8 16. Rad1 Kh8 17. Nxe5 Nxe5 18. dxe5 b5 19. axb5 Qxe5 20. bxc6 Bxc6 21.
Qa3 f5 22. Bd5 Bxd5 23. exd5 Qf6 24. Re6 Qg5 25. Qxa7 f4 26. Qe7 Qf5 27. f3 Qc2
28. Rde1 Qxc3 29. d6 Qd4+ 30. Kh1 h6 31. d7 Rfd8 32. Rd6 Qc3 33. h3 Ra8 34. Qe5
Qxe5 35. Rxe5 Kh7 36. h4 Ra7 37. Red5 Rb7 38. Kh2 g6 39. Kh3 h5 40. g3 fxg3 41.
Kxg3 Kg7 42. Kf4 Kf7 43. Kg5 Ke7 44. Kxg6 Rb3 45. Rd3 Rb5 46. R6d5 Rb6+ 47.
Kxh5 Rh8+ 48. Kg4 Rd8 49. h5 Rb1 50. Re3+ Kf6 51. Rf5+ Kg7 52. Re7+ Kh6 53.
Rf6# 1-0

[Event "SR 4. liga A21 2018/2019"]
[Site "?"]
[Date "2018.11.11"]
[Round "3.3"]
[White "Lanyi, Frantisek"]
[Black "Siska, Kristof"]
[Result "0-1"]
[WhiteElo "1677"]
[BlackElo "1704"]
[PlyCount "60"]
[EventDate "2018.??.??"]
[WhiteTeam "ZÅ K VrbovÃ© B"]
[BlackTeam "Å K KÃºpele PieÅ¡Å¥any C"]

1. d4 Nf6 2. c4 g6 3. Nc3 Bg7 4. e4 d6 5. f4 O-O 6. Nf3 Nbd7 7. e5 Ne8 8. Bd3
c5 9. Be3 cxd4 10. Bxd4 Qa5 11. Qe2 dxe5 12. fxe5 Nc7 13. O-O Ne6 14. Nd5 Nxd4
15. Nxe7+ Kh8 16. Qf2 Nxf3+ 17. gxf3 Nxe5 18. Be4 Nxc4 19. Bxg6 Qg5+ 20. Kh1
fxg6 21. Qe2 Ne3 22. Nxg6+ hxg6 23. Rg1 Qf4 24. Rg3 Bd7 25. Re1 Rae8 26. Qd3
Bf5 27. Qb5 Qc4 28. Qxb7 Be5 29. Rxe3 Bxg3 30. Rxe8 Qf1# 0-1

[Event "SR 4. liga A21 2018/2019"]
[Site "?"]
[Date "2018.11.11"]
[Round "3.3"]
[White "Stolar, Michal"]
[Black "Madzo, Anton"]
[Result "1-0"]
[WhiteElo "1573"]
[BlackElo "1488"]
[PlyCount "137"]
[EventDate "2018.??.??"]
[WhiteTeam "Å K KÃºpele PieÅ¡Å¥any C"]
[BlackTeam "ZÅ K VrbovÃ© B"]

1. c4 Nf6 2. Nc3 g6 3. e3 Bg7 4. Nge2 O-O 5. g3 d6 6. Bg2 c6 7. O-O Nbd7 8. d4
Re8 9. e4 e5 10. d5 cxd5 11. cxd5 a6 12. h3 b5 13. a3 Nb6 14. b3 Bd7 15. Be3
Rb8 16. Qd2 Qc8 17. Kh2 Qb7 18. Rfc1 Rec8 19. Rab1 h5 20. f3 Nh7 21. Bf1 f5 22.
Bh6 Rf8 23. Bxg7 Kxg7 24. Ng1 fxe4 25. fxe4 Rf7 26. Bg2 Rbf8 27. Rf1 Qc8 28.
Qe3 Qc5 29. Rxf7+ Rxf7 30. Qxc5 dxc5 31. Nf3 Re7 32. Bf1 Kh6 33. a4 b4 34. Nd1
Rf7 35. Kg2 Bxh3+ 36. Kxh3 Rxf3 37. Kg2 Rf6 38. a5 Nd7 39. Ne3 Ng5 40. Bd3 Rf3
41. Re1 Rf6 42. Rf1 Rxf1 43. Nxf1 Nb8 44. Ne3 Nf7 45. Kf3 Kg5 46. Ng2 Kf6 47.
g4 hxg4+ 48. Kxg4 Nd6 49. Ne3 Nb5 50. Nc2 Nc3 51. Ne3 Nb5 52. Bc4 Na3 53. Kf3
Nxc4 54. Nxc4 Nd7 55. Kg4 Ke7 56. Kg5 Kf7 57. Nb6 Ke7 58. Nc4 Kf7 59. Ne3 Kg7
60. Nc4 Kf7 61. Nb6 Ke7 62. Nc8+ Kd8 63. Nd6 Kc7 64. Nc4 Kd8 65. Kxg6 Ke7 66.
Kf5 Nf8 67. d6+ Kd7 68. Kxe5 Ng6+ 69. Kd5 1-0

[Event "SR 4. liga A21 2018/2019"]
[Site "?"]
[Date "2018.11.11"]
[Round "3.3"]
[White "Krchnak, Rudolf"]
[Black "Triska, Martin"]
[Result "1-0"]
[WhiteElo "1665"]
[BlackElo "1000"]
[PlyCount "53"]
[EventDate "2018.??.??"]
[WhiteTeam "ZÅ K VrbovÃ© B"]
[BlackTeam "Å K KÃºpele PieÅ¡Å¥any C"]

1. d4 d5 2. Nf3 Nc6 3. e3 Bg4 4. c3 Nf6 5. Bd3 e5 6. Be2 Bd6 7. dxe5 Bxe5 8.
Nxe5 Nxe5 9. Bxg4 Nfxg4 10. f4 Qh4+ 11. g3 Qh3 12. fxe5 Qg2 13. Rf1 Nxh2 14.
Rf2 Qg1+ 15. Ke2 Qxg3 16. Qh1 Ng4 17. Rg2 Qxe5 18. Rxg4 O-O-O 19. Qh3 f5 20.
Qg3 Qxg3 21. Rxg3 Rdg8 22. Na3 h5 23. Bd2 h4 24. Rg5 g6 25. Rh1 Kd7 26. Be1 h3
27. Bg3 1-0

[Event "SR 4. liga A21 2018/2019"]
[Site "?"]
[Date "2018.11.11"]
[Round "3.4"]
[White "Curidlo, Jan"]
[Black "Podjavorinsky, Michal"]
[Result "0-1"]
[WhiteElo "1853"]
[BlackElo "1910"]
[PlyCount "72"]
[EventDate "2018.??.??"]
[WhiteTeam "Å K KÃºpele PieÅ¡Å¥any B"]
[BlackTeam "ZÅ K VrbovÃ© A"]

1. e4 c5 2. Nf3 d6 3. d4 cxd4 4. Nxd4 Nf6 5. Nc3 a6 6. Be2 e5 7. Nb3 Be6 8. Bg5
Be7 9. O-O O-O 10. a3 Nc6 11. Bd3 Rc8 12. Bxf6 Bxf6 13. Kh1 Na5 14. Nd2 g6 15.
Ne2 d5 16. exd5 Bxd5 17. Nc3 Be6 18. Qe2 Bg7 19. Rae1 Qb6 20. Rb1 f5 21. f3
Rfd8 22. Rfd1 Bf7 23. h3 Qc7 24. Qf1 Nc6 25. Ne2 Rd6 26. Bc4 Rcd8 27. Bxf7+
Qxf7 28. Nb3 Nd4 29. Nbxd4 exd4 30. Rd3 Qc4 31. Qd1 Rc8 32. c3 dxc3 33. Rxd6 c2
34. Rd8+ Bf8 35. Rxf8+ Rxf8 36. Qc1 cxb1=Q 0-1

[Event "SR 4. liga A21 2018/2019"]
[Site "?"]
[Date "2018.11.11"]
[Round "3.4"]
[White "Musaev, Matej Elbek"]
[Black "Blatnicky, Miroslav"]
[Result "0-1"]
[WhiteElo "1637"]
[BlackElo "2090"]
[PlyCount "136"]
[EventDate "2018.??.??"]
[WhiteTeam "Å K KÃºpele PieÅ¡Å¥any B"]
[BlackTeam "ZÅ K VrbovÃ© A"]

1. e4 e6 2. d4 d5 3. Nd2 Nf6 4. Bd3 c5 5. c3 cxd4 6. cxd4 dxe4 7. Nxe4 Nc6 8.
Nf3 Bb4+ 9. Bd2 O-O 10. O-O Be7 11. Bc3 b6 12. Qc2 Nd5 13. a3 Bb7 14. Rad1 Rc8
15. Rfe1 h6 16. Qb3 Nxc3 17. bxc3 Na5 18. Qb2 Nc4 19. Bxc4 Rxc4 20. Ne5 Ra4 21.
Ra1 Qd5 22. f3 Qa5 23. Qe2 Rc8 24. Nxf7 Kxf7 25. Nd6+ Bxd6 26. Qxe6+ Kf8 27.
Qxd6+ Kg8 28. Re7 Qxc3 29. Rae1 Qxd4+ 30. Qxd4 Rxd4 31. Rxb7 Rc2 32. g4 Rdd2
33. h4 Rg2+ 34. Kh1 Rgf2 35. Rxa7 Rxf3 36. Ra4 b5 37. Ra8+ Kf7 38. Ra7+ Kg6 39.
Ra6+ Kh7 40. g5 Rh3+ 41. Kg1 Rg3+ 42. Kh1 hxg5 43. hxg5 Rxg5 44. Ra5 Kh6 45.
Rb1 Rc4 46. Rb4 Rxb4 47. axb4 Kh5 48. Ra7 Kg4 49. Kg2 Kf4+ 50. Kf2 Ke4 51. Rc7
g6 52. Rc6 Kd3 53. Rc5 Rf5+ 54. Kg3 Ke4 55. Rc8 Rf3+ 56. Kg2 Rb3 57. Rh8 g5 58.
Rg8 Kf4 59. Rf8+ Kg4 60. Rf2 Rxb4 61. Rc2 Rb3 62. Rd2 Kh4 63. Rd4+ g4 64. Rd2
b4 65. Rc2 Rc3 66. Rb2 b3 67. Kg1 Rc1+ 68. Kf2 Rc2+ 0-1

[Event "SR 4. liga A21 2018/2019"]
[Site "?"]
[Date "2018.11.11"]
[Round "3.4"]
[White "Miciak, Emanuel"]
[Black "Veres, Marcel"]
[Result "1-0"]
[WhiteElo "1859"]
[BlackElo "1466"]
[PlyCount "53"]
[EventDate "2018.??.??"]
[WhiteTeam "ZÅ K VrbovÃ© A"]
[BlackTeam "Å K KÃºpele PieÅ¡Å¥any B"]

1. d4 d5 2. c4 dxc4 3. Nc3 Nf6 4. Nf3 Bf5 5. e3 e6 6. Bxc4 Nbd7 7. O-O Bg4 8.
h3 Bh5 9. Be2 c6 10. Bd2 Qc7 11. a3 Bd6 12. Rc1 a6 13. b4 O-O 14. Qb3 Rfe8 15.
b5 Nd5 16. bxc6 Nxc3 17. Rxc3 bxc6 18. Rfc1 Reb8 19. Qa4 Nb6 20. Qd1 Rc8 21. e4
Qd7 22. Qc2 c5 23. dxc5 Bxc5 24. g4 Na4 25. Rc4 Bg6 26. Qxa4 Qa7 27. Be3 1-0

[Event "SR 4. liga A21 2018/2019"]
[Site "?"]
[Date "2018.11.11"]
[Round "3.4"]
[White "Skrabak, Tomas"]
[Black "Podjavorinsky, Peter"]
[Result "1/2-1/2"]
[WhiteElo "1413"]
[BlackElo "1690"]
[PlyCount "47"]
[EventDate "2018.??.??"]
[WhiteTeam "Å K KÃºpele PieÅ¡Å¥any B"]
[BlackTeam "ZÅ K VrbovÃ© A"]

1. e4 e6 2. d4 d5 3. exd5 exd5 4. h3 Nf6 5. Bg5 Be7 6. Nf3 Bf5 7. Bd3 Bxd3 8.
Qxd3 c6 9. Nbd2 Nbd7 10. a3 h6 11. Bf4 Qb6 12. Qb3 Qxb3 13. Nxb3 b6 14. O-O-O
O-O 15. Nfd2 Rfe8 16. Rhe1 Bf8 17. Re3 Rxe3 18. Bxe3 Re8 19. c3 Re6 20. Nf3 Ne4
21. Kc2 f5 22. Nc1 g5 23. g3 Bd6 24. Nd3 1/2-1/2

[Event "SR 4. liga A21 2018/2019"]
[Site "?"]
[Date "2018.11.11"]
[Round "3.5"]
[White "Slaba, Andrea"]
[Black "Hrubsa, Marian"]
[Result "0-1"]
[WhiteElo "1913"]
[BlackElo "1931"]
[PlyCount "88"]
[EventDate "2018.??.??"]
[WhiteTeam "Å K KamenÃ¡r Chtelnica"]
[BlackTeam "Å K Skalica C"]

1. Nf3 f5 2. d4 g6 3. c4 Bg7 4. g3 Nf6 5. Bg2 O-O 6. O-O d6 7. Nc3 Qe8 8. d5 c6
9. Nd4 c5 10. Ndb5 Qd8 11. e4 a6 12. Na3 fxe4 13. Nxe4 Nxe4 14. Bxe4 Nd7 15.
Qb3 Nf6 16. Bg2 Rb8 17. Bf4 Bf5 18. Qe3 Ng4 19. Qd2 b5 20. cxb5 axb5 21. h3 Nf6
22. g4 Be4 23. f3 b4 24. fxe4 bxa3 25. b3 Nd7 26. Rac1 Qb6 27. Be3 Ne5 28. Kh1
Qb5 29. Rb1 Qd3 30. Rxf8+ Rxf8 31. Qxd3 Nxd3 32. Bg5 Rf7 33. h4 h6 34. Be3 Nf2+
35. Kg1 Nxg4 36. Bh3 Nxe3 37. Be6 Kf8 38. Bxf7 Kxf7 39. b4 cxb4 40. Rxb4 Bb2
41. Kf2 Nd1+ 42. Ke2 Nc3+ 43. Kd3 Nxa2 44. Rb7 Nb4+ 0-1

[Event "SR 4. liga A21 2018/2019"]
[Site "?"]
[Date "2018.11.11"]
[Round "3.5"]
[White "Bartos, Bohumil"]
[Black "Slaby, Jozef"]
[Result "0-1"]
[WhiteElo "1552"]
[BlackElo "1733"]
[PlyCount "134"]
[EventDate "2018.??.??"]
[WhiteTeam "Å K Skalica C"]
[BlackTeam "Å K KamenÃ¡r Chtelnica"]

1. d4 Nf6 2. Bf4 g6 3. Nc3 d6 4. e4 Bg7 5. Nf3 O-O 6. Qd2 c6 7. Bh6 b5 8. a3
Bb7 9. h4 Nbd7 10. h5 e5 11. hxg6 fxg6 12. Bxg7 Kxg7 13. Qh6+ Kg8 14. d5 Qe7
15. Qh4 a6 16. dxc6 Bxc6 17. Nd5 Bxd5 18. exd5 Nxd5 19. Qxe7 Nxe7 20. O-O-O d5
21. Ng5 Nf6 22. Be2 Ra7 23. Rh3 Nf5 24. Rdh1 Rc8 25. Bg4 Rac7 26. Bd1 d4 27. c3
dxc3 28. Bb3+ Kh8 29. Nf7+ Kg7 30. Ng5 Nd4 31. Ne6+ Nxe6 32. Bxe6 cxb2+ 33.
Kxb2 Rc2+ 34. Kb3 R8c7 35. g4 Rxf2 36. g5 Nh5 37. Bg4 Rcc2 38. Bxh5 gxh5 39.
Rxh5 a5 40. Rxh7+ Kg6 41. R7h6+ Kxg5 42. R6h5+ Kg4 43. R1h4+ Kf3 44. Rf5+ Kg3
45. Rxf2 Rxf2 46. Rh5 Kf4 47. Kc3 Rf3+ 48. Kb2 Ke4 49. Kc2 Kd4 50. Kb2 Re3 51.
Rh4+ e4 52. Rh5 Kc4 53. Rh7 Re2+ 54. Kb1 Kb3 55. Rh3+ e3 56. Kc1 Kxa3 57. Kd1
Rb2 58. Rxe3+ Rb3 59. Re5 a4 60. Re4 b4 61. Kc1 Rh3 62. Kb1 b3 63. Re1 Rh4 64.
Rc1 Kb4 65. Kb2 a3+ 66. Kb1 Rh2 67. Rc4+ Kxc4 0-1

[Event "SR 4. liga A21 2018/2019"]
[Site "?"]
[Date "2018.11.11"]
[Round "3.5"]
[White "Vagovic, Milan"]
[Black "Danihel, Jozef"]
[Result "0-1"]
[WhiteElo "1711"]
[BlackElo "1516"]
[PlyCount "60"]
[EventDate "2018.??.??"]
[WhiteTeam "Å K KamenÃ¡r Chtelnica"]
[BlackTeam "Å K Skalica C"]

1. d4 e6 2. Nf3 b6 3. e3 Bb7 4. Bd3 Nf6 5. O-O g6 6. c4 Bg7 7. Nc3 O-O 8. e4
Ne8 9. Be3 d6 10. Qd2 c5 11. d5 e5 12. Bh6 Nf6 13. Bxg7 Kxg7 14. h4 Bc8 15. Ng5
h6 16. Nf3 Bg4 17. Be2 Nh5 18. g3 Qd7 19. Kh2 f5 20. Ng1 f4 21. Qd1 Bxe2 22.
Qxe2 Qf7 23. Nf3 Nd7 24. Nb5 Qe7 25. Nc7 Ndf6 26. Nxa8 Ng4+ 27. Kg1 fxg3 28.
Nxb6 Nf4 29. Qd1 gxf2+ 30. Rxf2 Nh3+ 0-1

[Event "SR 4. liga A21 2018/2019"]
[Site "?"]
[Date "2018.11.11"]
[Round "3.5"]
[White "Romanova, Ela"]
[Black "Piestansky, Jan"]
[Result "1/2-1/2"]
[WhiteElo "1337"]
[BlackElo "1651"]
[PlyCount "141"]
[EventDate "2018.??.??"]
[WhiteTeam "Å K Skalica C"]
[BlackTeam "Å K KamenÃ¡r Chtelnica"]

1. e4 e5 2. Nf3 d6 3. Bc4 h6 4. h3 Nf6 5. Nc3 Be7 6. O-O O-O 7. d4 exd4 8. Nxd4
Bd7 9. Be3 Nc6 10. f3 Ne5 11. Bb3 a6 12. Qe1 c5 13. Nde2 Qc8 14. a3 Be6 15.
Bxe6 fxe6 16. Bf4 Ng6 17. Bg3 Qc6 18. Rd1 Rad8 19. Nf4 Nxf4 20. Bxf4 Qb6 21. b3
Nh5 22. Be3 Qc7 23. Rd3 Nf4 24. Rd1 Ng6 25. Qg3 Kh7 26. Ne2 Rf7 27. c4 Bf8 28.
Rd3 e5 29. Rfd1 Qe7 30. Bxc5 Nf4 31. Nxf4 exf4 32. Qf2 Qe6 33. Bb4 Rdd7 34. Qb6
Rf6 35. Bc3 Rff7 36. c5 Rc7 37. cxd6 Rc6 38. Qb4 Rd7 39. e5 g5 40. Qe4+ Kg8 41.
Bb2 Bg7 42. Qd5 Qxd5 43. Rxd5 Kf7 44. Re1 Ke6 45. Rdd1 Rc5 46. Rc1 Rxc1 47.
Bxc1 b5 48. Bb2 Rd8 49. Kf2 Rc8 50. Re2 Rc5 51. Rd2 Rc8 52. Re2 Rd8 53. g3
fxg3+ 54. Kxg3 h5 55. f4 gxf4+ 56. Kxf4 Bh6+ 57. Kg3 Bg5 58. Rf2 Rg8 59. Kf3
Bh4 60. Rf1 Rg3+ 61. Ke4 Rxb3 62. Bc1 Rxh3 63. Rf5 Bd8 64. Rf8 Rh4+ 65. Kd3
Rh3+ 66. Kc2 Bh4 67. Re8+ Kd7 68. Ra8 Bg3 69. Bb2 Rh2+ 70. Kb3 Re2 71. Ra7+
1/2-1/2

[Event "SR 4. liga A21 2018/2019"]
[Site "?"]
[Date "2018.11.11"]
[Round "3.5"]
[White "Pripko, Bystrik"]
[Black "Dubanova, Kristina"]
[Result "1-0"]
[WhiteElo "1631"]
[BlackElo "1092"]
[PlyCount "93"]
[EventDate "2018.??.??"]
[WhiteTeam "Å K KamenÃ¡r Chtelnica"]
[BlackTeam "Å K Skalica C"]

1. e4 e5 2. Nf3 Nc6 3. Bc4 Nf6 4. d3 Bc5 5. O-O O-O 6. a3 d6 7. h3 Be6 8. Ba2
h6 9. Nc3 Re8 10. Be3 Bb6 11. Na4 Qc8 12. Nxb6 axb6 13. Bxe6 fxe6 14. Nh2 d5
15. exd5 exd5 16. c3 Qe6 17. f4 Rad8 18. fxe5 Nxe5 19. Bf4 c5 20. Bxe5 Qxe5 21.
Qd2 Kh7 22. Rae1 Qc7 23. Nf3 b5 24. b4 c4 25. Rxe8 Rxe8 26. Nd4 Re5 27. dxc4
Qxc4 28. Qf4 Re4 29. Qf5+ Kg8 30. Ne6 Qc6 31. Nc5 Re3 32. Qc2 b6 33. Qd2 Re8
34. Nd3 Ne4 35. Qf4 Qxc3 36. Qf7+ Kh7 37. Qxe8 Qxd3 38. Qf7 Qd4+ 39. Kh2 Qe3
40. Rf3 Qd4 41. Qf5+ Kg8 42. Qe6+ Kh8 43. Rf8+ Kh7 44. Qf5+ g6 45. Rf7+ Qg7 46.
Rxg7+ Kxg7 47. Qxd5 1-0

[Event "SR 4. liga A21 2018/2019"]
[Site "?"]
[Date "2018.11.11"]
[Round "3.6"]
[White "Cerovsky, Marian"]
[Black "Kocak, Branislav"]
[Result "1/2-1/2"]
[WhiteElo "1775"]
[BlackElo "1878"]
[PlyCount "64"]
[EventDate "2018.??.??"]
[WhiteTeam "Å O KopÄ�any"]
[BlackTeam "Å K Nafta Gbely C"]

1. e4 c5 2. Nf3 d6 3. h3 a6 4. a4 Nf6 5. Nc3 Nc6 6. Bc4 e6 7. d3 Be7 8. O-O O-O
9. Nh2 d5 10. exd5 exd5 11. Bb3 Nd4 12. Ba2 Be6 13. Ne2 Nc6 14. c3 b5 15. Bb1
Nd7 16. Nf4 Bd6 17. Nxe6 fxe6 18. Qg4 Qf6 19. Bg5 Qf5 20. Qh4 d4 21. Nf3 Nde5
22. Nxe5 Bxe5 23. Bd2 b4 24. cxb4 Nxb4 25. Bxb4 cxb4 26. Ba2 Bf6 27. Qg3 Kh8
28. Rae1 e5 29. Bc4 a5 30. b3 Rac8 31. Re4 Rc5 32. Rfe1 g5 1/2-1/2

[Event "SR 4. liga A21 2018/2019"]
[Site "?"]
[Date "2018.11.11"]
[Round "3.6"]
[White "Kubis, Ivan"]
[Black "Moravec, Milan"]
[Result "1-0"]
[WhiteElo "1880"]
[BlackElo "1643"]
[PlyCount "69"]
[EventDate "2018.??.??"]
[WhiteTeam "Å K Nafta Gbely C"]
[BlackTeam "Å O KopÄ�any"]

1. e4 e6 2. d4 d5 3. Nc3 dxe4 4. Nxe4 Nd7 5. Nf3 Ngf6 6. Bd3 Be7 7. O-O O-O 8.
Re1 b6 9. Qe2 Bb7 10. Neg5 Re8 11. Nxf7 Bxf3 12. Qxe6 Bd5 13. Nxd8+ Bxe6 14.
Nxe6 Bd6 15. Bd2 Re7 16. c4 Rae8 17. Kf1 c5 18. d5 Ne5 19. Be2 Ne4 20. Be3 Rf7
21. Ng5 Rxf2+ 22. Bxf2 Nxg5 23. Kg1 Ne4 24. Bh5 Nf7 25. Bf3 Nf6 26. Rxe8+ Nxe8
27. Re1 Ne5 28. Bg3 Nxf3+ 29. gxf3 Kf7 30. Re6 Bxg3 31. hxg3 Nc7 32. Rc6 Na6
33. a3 Ke7 34. Rc8 Kd7 35. Rg8 1-0

[Event "SR 4. liga A21 2018/2019"]
[Site "?"]
[Date "2018.11.11"]
[Round "3.6"]
[White "Damborsky, Pavol"]
[Black "Bilovsky, Milan"]
[Result "1/2-1/2"]
[WhiteElo "1614"]
[BlackElo "1936"]
[PlyCount "72"]
[EventDate "2018.??.??"]
[WhiteTeam "Å O KopÄ�any"]
[BlackTeam "Å K Nafta Gbely C"]

1. e4 c5 2. Bc4 e6 3. Nc3 Nc6 4. Nf3 Nf6 5. a3 Be7 6. d3 a6 7. h3 d5 8. Ba2
dxe4 9. dxe4 Qxd1+ 10. Kxd1 b5 11. e5 Nd7 12. Re1 Bb7 13. Bf4 Rd8 14. Kc1 Nd4
15. Nxd4 cxd4 16. Ne4 Bxe4 17. Rxe4 Nc5 18. Re2 O-O 19. Bd2 Rd7 20. f4 Rc8 21.
c3 dxc3 22. bxc3 Nd3+ 23. Kc2 Nxf4 24. Bxf4 Rdc7 25. Bd2 Bc5 26. Kb2 a5 27. Rc1
Be7 28. Re3 Rd8 29. Re2 Rcd7 30. Rc2 h6 31. Be1 Rd1 32. Bb1 Bxa3+ 33. Kxa3 Rxb1
34. Rb2 Ra1+ 35. Ra2 Rb1 36. Rab2 Ra1+ 1/2-1/2

[Event "SR 4. liga A21 2018/2019"]
[Site "?"]
[Date "2018.11.11"]
[Round "3.6"]
[White "Kastler, Peter"]
[Black "Dubecky, Ladislav"]
[Result "1-0"]
[WhiteElo "1751"]
[BlackElo "1584"]
[PlyCount "77"]
[EventDate "2018.??.??"]
[WhiteTeam "Å K Nafta Gbely C"]
[BlackTeam "Å O KopÄ�any"]

1. d4 Nf6 2. c4 e6 3. Nf3 d5 4. e3 Be7 5. Be2 O-O 6. O-O Nc6 7. Nc3 dxc4 8.
Bxc4 Bd6 9. b3 a6 10. Bb2 b5 11. Be2 Nb4 12. Rc1 Bb7 13. a3 Nbd5 14. Nxd5 Nxd5
15. Nd2 Nf6 16. Bf3 Bxf3 17. Qxf3 Qe7 18. b4 Qd8 19. Nb3 Rc8 20. Qb7 Ng4 21. g3
Qg5 22. Qg2 Nxe3 23. fxe3 Qxe3+ 24. Qf2 Qxb3 25. Rc3 Qd5 26. Rf3 Qh5 27. Re1
Qg6 28. Qd2 f5 29. d5 Rce8 30. dxe6 Rxe6 31. Qd5 Rff6 32. Bxf6 gxf6 33. Qxe6+
Kg7 34. Qxf5 Qf7 35. Re6 Be7 36. Rfe3 Bd8 37. Qg4+ Kh6 38. h4 c6 39. Qg5# 1-0

[Event "SR 4. liga A21 2018/2019"]
[Site "?"]
[Date "2018.11.11"]
[Round "3.6"]
[White "Pisecky, Jan"]
[Black "Mraz, Jan"]
[Result "0-1"]
[WhiteElo "1361"]
[BlackElo "1666"]
[PlyCount "84"]
[EventDate "2018.??.??"]
[WhiteTeam "Å O KopÄ�any"]
[BlackTeam "Å K Nafta Gbely C"]

1. e4 b6 2. Bc4 e6 3. Nc3 Bb7 4. a3 g6 5. d4 Bg7 6. Nf3 Ne7 7. Bf4 d6 8. Qe2
Nd7 9. Bb5 a6 10. Ba4 b5 11. Bb3 Nf6 12. Rd1 O-O 13. e5 Nfd5 14. Nxd5 Nxd5 15.
Bg5 Qd7 16. c3 f6 17. exf6 Bxf6 18. Bxf6 Rxf6 19. O-O Raf8 20. Bxd5 Bxd5 21.
Nd2 Rf5 22. f3 Qc6 23. b3 Qxc3 24. Qf2 Rf4 25. Rc1 Qxd4 26. Qxd4 Rxd4 27. Rfd1
c6 28. b4 Rf5 29. Kf2 Rd3 30. Nb1 Rb3 31. Rc3 Rb2+ 32. Nd2 Rf4 33. Ke3 e5 34.
g3 Rd4 35. f4 Bb3 36. Rxb3 Rxb3+ 37. Nxb3 Rxd1 38. Na5 exf4+ 39. Kxf4 c5 40.
bxc5 dxc5 41. Ke3 Ra1 42. Nb3 Rxa3 0-1

[Event "SR 4. liga A21 2018/2019"]
[Site "?"]
[Date "2018.12.02"]
[Round "4.1"]
[White "Valigursky, Michal"]
[Black "Brunovsky, Peter"]
[Result "0-1"]
[WhiteElo "1683"]
[BlackElo "1858"]
[PlyCount "86"]
[EventDate "2018.??.??"]
[WhiteTeam "Å K Å tefanov"]
[BlackTeam "Å K Nafta Gbely C"]

1. e4 c6 2. d4 d5 3. e5 Bf5 4. g4 Be4 5. f3 Bg6 6. Ne2 e6 7. h4 h5 8. Nf4 Bh7
9. Nc3 c5 10. Be3 Nc6 11. g5 cxd4 12. Bxd4 Nge7 13. Nce2 Nf5 14. Qd2 Qc7 15. g6
Bxg6 16. Nxg6 fxg6 17. f4 O-O-O 18. O-O-O Kb8 19. Bh3 Rc8 20. Bxf5 gxf5 21. Kb1
Rh6 22. Rdg1 Qf7 23. Qe1 Rg6 24. Rxg6 Qxg6 25. Rg1 Qf7 26. Qg3 Nxd4 27. Nxd4
Bc5 28. c3 Bxd4 29. cxd4 Qc7 30. Qd3 Qa5 31. a3 a6 32. Qd1 Rc7 33. Qxh5 Qd2 34.
Qe8+ Ka7 35. Qa4 Qxf4 36. h5 Qe4+ 37. Ka2 f4 38. Rg6 f3 39. Rxe6 f2 40. Qb4 Qc2
41. Qb6+ Ka8 42. Re8+ Rc8 43. Re7 Qc4+ 0-1

[Event "SR 4. liga A21 2018/2019"]
[Site "?"]
[Date "2018.12.02"]
[Round "4.1"]
[White "Kastler, Peter"]
[Black "Klimes, Karel"]
[Result "1/2-1/2"]
[WhiteElo "1743"]
[BlackElo "1686"]
[PlyCount "92"]
[EventDate "2018.??.??"]
[WhiteTeam "Å K Nafta Gbely C"]
[BlackTeam "Å K Å tefanov"]

1. d4 d5 2. c4 e6 3. Nc3 Nf6 4. e3 c5 5. Nf3 Nc6 6. Be2 Be7 7. O-O O-O 8. b3 a6
9. Bb2 dxc4 10. Bxc4 b5 11. Be2 Qb6 12. dxc5 Qxc5 13. Rc1 Qb6 14. Qc2 Nb4 15.
Qb1 Bb7 16. Rfd1 Rfd8 17. a3 Nbd5 18. b4 Rac8 19. Nxd5 Bxd5 20. Nd4 Qb7 21. Bf3
Rxc1 22. Rxc1 Bxf3 23. Nxf3 Ne4 24. Rc2 Qd5 25. h3 h6 26. Bd4 Bf6 27. Qb2 Bxd4
28. Nxd4 e5 29. Nb3 Qd1+ 30. Kh2 f6 31. f3 Ng5 32. Rc1 Qd3 33. e4 Rd6 34. Rc8+
Kh7 35. Rc3 Qf1 36. Rc1 Qd3 37. Rc2 Qe3 38. Rd2 Rxd2 39. Nxd2 Qe2 40. Qc3 Ne6
41. Nb3 Nf4 42. Qd2 Qc4 43. Nc1 Ne6 44. Ne2 Nd4 45. Nc1 Nc2 46. Qd3 Qxd3
1/2-1/2

[Event "SR 4. liga A21 2018/2019"]
[Site "?"]
[Date "2018.12.02"]
[Round "4.1"]
[White "Wallner, Juraj"]
[Black "Kanka, Tomas"]
[Result "1-0"]
[WhiteElo "1571"]
[BlackElo "1730"]
[PlyCount "80"]
[EventDate "2018.??.??"]
[WhiteTeam "Å K Å tefanov"]
[BlackTeam "Å K Nafta Gbely C"]

1. e4 c5 2. Nf3 Nc6 3. d4 cxd4 4. Nxd4 e5 5. Nf3 Nf6 6. Nc3 Bb4 7. Bd3 Bxc3+ 8.
bxc3 O-O 9. O-O h6 10. Re1 a6 11. h3 d6 12. a4 Be6 13. Nh4 Nxe4 14. Rxe4 d5 15.
Rg4 Bxg4 16. Qxg4 Qf6 17. Bd2 e4 18. Be2 Rfe8 19. Nf5 Ne5 20. Qh5 Qg6 21. Qxg6
Nxg6 22. Rb1 Rab8 23. Be3 b5 24. axb5 axb5 25. Rxb5 Rxb5 26. Bxb5 Rc8 27. Bd4
f6 28. h4 Kf8 29. g3 Ne7 30. Nd6 Rc7 31. c4 dxc4 32. Bb6 Nd5 33. Bxc7 Nxc7 34.
Bxc4 Ke7 35. Nxe4 f5 36. Nd2 Kd6 37. Bd3 g6 38. h5 Ke5 39. hxg6 Kf6 40. Bxf5
Ne8 1-0

[Event "SR 4. liga A21 2018/2019"]
[Site "?"]
[Date "2018.12.02"]
[Round "4.1"]
[White "Mraz, Jan"]
[Black "Tomasovic, Roman"]
[Result "1/2-1/2"]
[WhiteElo "1682"]
[BlackElo "1553"]
[PlyCount "96"]
[EventDate "2018.??.??"]
[WhiteTeam "Å K Nafta Gbely C"]
[BlackTeam "Å K Å tefanov"]

1. d4 d5 2. c4 e6 3. e3 Nf6 4. Nc3 Be7 5. Bd3 dxc4 6. Bxc4 b6 7. Nge2 Bb7 8.
O-O O-O 9. f3 c5 10. Kh1 Nc6 11. d5 Na5 12. Qd3 Nxc4 13. Qxc4 exd5 14. Qd3 Qd7
15. Nf4 Qc6 16. Rd1 Rfd8 17. Nce2 a5 18. b3 a4 19. Ng3 axb3 20. Qxb3 Qa4 21.
Bb2 Qxb3 22. axb3 Rxa1 23. Rxa1 Ra8 24. Nf5 Rxa1+ 25. Bxa1 Bf8 26. Bxf6 gxf6
27. Nh5 c4 28. Nxf6+ Kh8 29. bxc4 dxc4 30. e4 b5 31. Ne3 Bc5 32. Nfd5 Bxe3 33.
Nxe3 c3 34. Nc2 Kg7 35. Kg1 Ba6 36. Kf2 Kf6 37. Ke3 Ke5 38. f4+ Ke6 39. Kd4 Bb7
40. g4 f6 41. h4 h6 42. Kxc3 Bxe4 43. Nd4+ Kd5 44. Nxb5 Bf3 45. Nc7+ Ke4 46. g5
fxg5 47. fxg5 hxg5 48. hxg5 Kf5 1/2-1/2

[Event "SR 4. liga A21 2018/2019"]
[Site "?"]
[Date "2018.12.02"]
[Round "4.1"]
[White "Novomeska, Karin"]
[Black "Papanek, Lubomir"]
[Result "0-1"]
[WhiteElo "1207"]
[BlackElo "1584"]
[PlyCount "46"]
[EventDate "2018.??.??"]
[WhiteTeam "Å K Å tefanov"]
[BlackTeam "Å K Nafta Gbely C"]

1. d4 Nf6 2. c4 g6 3. Nc3 Bg7 4. Nf3 d6 5. Bg5 O-O 6. e3 Bg4 7. Be2 h6 8. Bxf6
Bxf6 9. h3 Bd7 10. O-O Bg7 11. Qb3 Qc8 12. Nh2 Nc6 13. Bf3 Rb8 14. Nb5 a6 15.
Bxc6 bxc6 16. Nxd6 cxd6 17. Qc2 d5 18. c5 e5 19. Rfe1 exd4 20. exd4 Bxd4 21.
Qd2 Bg7 22. Rab1 Bf5 23. Rbd1 Rxb2 0-1